| 000 | 00402nam a2200121Ia 4500 | ||
|---|---|---|---|
| 008 | 171212s9999 xx 000 0 und d | ||
| 020 | _a9780857456021 | ||
| 245 |
_ceditor Mitchell, Claudia;Rentschler, Carrie _aGirlhood and the Politics of Place |
||
| 260 |
_bBerghahn Books _c2016 |
||
| 650 | _aGirls; Girls -- Social conditions | ||
| 650 | _aSociology | ||
| 856 | _uhttp://jstor.org/stable/j.ctt14jxn16 | ||
| 999 |
_c351432 _d351432 |
||